LDR 01094naa#a2200241#i#450# 001 RU\\bibl\18371 005 20260704163315.6 011 ## _a2071-7318 100 ## _a20171031b2017####ek#y0rusy0150####ca 101 0# _aRUS 102 ## _aRU 200 1# _aОСТАТОЧНЫЙ РЕСУРС КОНСТРУКЦИЙ ЗДАНИЙ И СООРУЖЕНИЙ _eЖурнальная статья 210 1# _aБелгород _cБелгородский государственный технологический университет им. В.Г. Шухова _d2017 215 ## _a3 с. 608 ## _aЖурнальная статья _2local 675 ## _aСтроительство. Строительные материалы. Строительно-монтажные работы. 69 _zRUS 686 ## _aСтроительные конструкции. 385 _2bbk 686 ## _aСтроительные конструкции. 67.11 _2grnti 700 #1 _aДегтярь _gА. Н. 700 #1 _aСерых _gИ. Р. 700 #1 _aПанченко _gЛ. А. 700 #1 _aЧернышева _gЕ. В. 856 4# _anaukaru.ru _u